000 00970nam a2200229 a 4500
001 54451
003 BD-RjUL
005 20211209080125.0
008 161107s2001 bg ||||| |||| 00| 0 ben d
020 _a9840606131
_c: TK 53.00
035 _a(BD-RjUL)54573
040 _aBD-RjUL
_bben
_cBD-RjUL
041 _aben
082 _223
_a928.9144
_bJAG 2001
100 _aজাহাঙ্গীর, আবু ইউনুছ খান মুহাম্মদ
_9162479
245 1 0 _aড. গোলাম মকসূদ হিলালী কর্মজীবন ও চিন্তাধারা /
_cআবু ইউনুছ খান মুহাম্মদ জাহাঙ্গীর
250 _a১ম সং .
260 _aঢাকা :
_bইসলামিক ফাউন্ডেশন,
_c২০০১
300 _a[১২], ২৩৪ পৃ. ;
_c২১ সেমি.
650 _aWriter in Literature
_xBangla
_9162480
942 _2ddc
_cBK
999 _c54451
_d54451